Гуру менеджмента; Дорога к успеху: пер. с англ.

Бібліографічні деталі
Автор: Хажински А. Анджей
Мова:Російська
Опубліковано: СПб., Питер, 2002
Серія:Теория и практика менеджмента
Предмети:
Формат: Книга
KOHA link:https://koha.lib.tpu.ru/cgi-bin/koha/opac-detail.pl?biblionumber=42757

MARC

LEADER 00000nam0a2200000 4500
001 42757
005 20231031015638.0
010 |a 5318001580 
035 |a (RuTPU)RU\TPU\book\44129 
090 |a 42757 
100 |a 20020917d2002 k y0rusy50 ca 
101 1 |a rus 
102 |a RU 
105 |a a z 001zy 
200 1 |a Гуру менеджмента  |a Дорога к успеху  |e пер. с англ.  |f А. Хажински 
210 |a СПб.  |c Питер  |d 2002 
215 |a 480 с.  |c ил. 
225 1 |a Теория и практика менеджмента 
320 |a Библиогр.: с. 451-467. 
320 |a Имен., предм. указ.: с. 468-472. 
320 |a Указ. фирм и торговых марок: с. 479-480. 
610 1 |a экономика 
610 1 |a управление 
610 1 |a менеджмент 
610 1 |a управленческая деятельность 
610 1 |a управленческие решения 
610 1 |a теория 
610 1 |a практика 
686 |a У821  |v LBC/SL-A  |2 rubbk 
700 1 |a Хажински  |b А.  |g Анджей 
801 1 |a RU  |b 63413507  |c 20020917  |g PSBO 
801 2 |a RU  |b 63413507  |c 20130821  |g PSBO 
942 |c BK